| 000 | 00734nam a2200241Ia 4500 | ||
|---|---|---|---|
| 003 | OSt | ||
| 005 | 20230511164625.0 | ||
| 008 | 210423s2014 xx 000 0 und d | ||
| 020 | _a978-93-84007-08-9 | ||
| 040 | _cAL | ||
| 041 | _aeng | ||
| 082 | _a660 ZAVT | ||
| 100 |
_aZAVERI (Vikas);VISHWANATHAN (P) _9104001 |
||
| 245 | _aTextbook of chemical engineering: Particle technology and separation processes V 2 | ||
| 260 |
_aNew Delhi _bMed Tec _c2014 |
||
| 300 |
_axix,652 _bPB |
||
| 365 |
_b595 _cINR |
||
| 440 | _v2 | ||
| 650 |
_aChemical Engineering _9104002 |
||
| 650 |
_aChemical Engineering _9104002 |
||
| 906 | _achemical ; engineering: ; Particle ; processes ; separation ; technology ; Textbook | ||
| 942 |
_2ddc _cBK |
||
| 999 |
_c166141 _d166141 |
||